000 00721nam a22002177a 4500
005 20140310183631.0
008 131118b xxu||||| |||| 00| 0 eng d
020 _a9780071188595
050 _aPC 2099
_b.F245 2012
100 _aFarrell, Frederick Jr.
245 _aSide by side French & English grammar /
_cC. Frederick Farrell.
250 _a3rd ed.
260 _aChicago, IL :
_bMcGraw-Hill,
_c2012.
300 _aix, 182 p. :
_bill. ;
_c28 cm.
521 _aTOU
650 _aFrench language
_vGrammar, Comparative
_xEnglish.
650 _aEnglish language
_vGrammar, Comparative
_xFrench.
650 _aFrench language
_vTextbooks for foreign speakers
_xEnglish.
942 _2lcc
_cBK
_kFOR
999 _c25607
_d25607